Lyrics to 'To Build A Home' by The Cinematic Orchestra - Statistics

General Stats
  • This quiz has been taken 6 times
  • The average score is 136 of 172
Answer Stats
Answer % Correct
a
100%
all
100%
and
100%
And
100%
built
100%
For
100%
home
100%
house
100%
I
100%
in
100%
is
100%
me
100%
of
100%
on
100%
place
100%
the
100%
There
100%
time
100%
to
100%
where
100%
you
100%
alone
75%
as
75%
at
75%
climbed
75%
don't
75%
feel
75%
garden
75%
it
75%
it's
75%
its
75%
now
75%
old
75%
out
75%
Out
75%
planted
75%
see
75%
stone
75%
This
75%
top
75%
tree
75%
turn
75%
we
75%
When
75%
around
50%
Branches
50%
by
50%
By
50%
came
50%
chairs
50%
color
50%
disappeared
50%
dust
50%
floors
50%
From
50%
green
50%
Held
50%
held
50%
leave
50%
seeds
50%
sills
50%
Tables
50%
tightly
50%
Until
50%
walls
50%
window
50%
Wooden
50%
world
50%
worn
50%
arose
25%
blow
25%
cracks
25%
down
25%
Ground
25%
gust
25%
had
25%
knees
25%
passed
25%
sewn
25%
skin
25%
were
25%
No matching quizzes found
Score Distribution
Percent of People with Each Score
Percentile by Number Answered
Your Score History
You have not taken this quiz